| 000 | 00000nas 2200000zi 4500 |
| 001 | 9.842752 |
| 003 | CaOODSP |
| 005 | 20240503150135 |
| 006 | m o d f |
| 007 | cr cn||||||||| |
| 008 | 170830c20179999oncfr m o f0 b0fre|d |
| 022 | |a2561-1828 |
| 040 | |aCaOODSP|bfre|erda|cCaOODSP |
| 043 | |an-cn--- |
| 086 | 1 |aFA1-26F-PDF |
| 222 | 0|aRapports de la commissaire à l'environnement et au développement durable au Parlement du Canada |b(En ligne) |
| 245 | 00|aRapports de la commissaire à l'environnement et au développement durable au Parlement du Canada. |
| 246 | 1 |iLes livraisons de automne 2019- comportent le titre : |aRapports du commissaire à l'environnement et au développement durable au Parlement du Canada |
| 264 | 1|a[Ottawa] : |bBureau du vérificateur général du Canada = Office of the Auditor General of Canada, |c[2017]- |
| 310 | |aSemiannuel |
| 336 | |atexte|btxt|2rdacontent/fre |
| 337 | |ainformatique|bc|2rdamedia/fre |
| 338 | |aressource en ligne|bcr|2rdacarrier/fre |
| 362 | 1 |aParaît depuis : Rapport 1 (automne 2017). |
| 500 | |aPublié aussi en anglais sous le titre : Reports of the Commissioner of the Environment and Sustainable Development to the Parliament of Canada. |
| 588 | |aDescription d'après : Rapport 1 (automne 2017). |
| 588 | |aDernière livraison consultée : Rapport 1 (2024). |
| 650 | 6|aDéveloppement durable|xRapports|zCanada|xAudit. |
| 650 | 6|aVérification environnementale|zCanada. |
| 710 | 1 |aCanada. |bCommissaire à l'environnement et au développement durable, |eauteur. |
| 710 | 1 |aCanada. |bBureau du vérificateur général, |eorganisme de publication. |
| 775 | 08|tReports of the Commissioner of the Environment and Sustainable Development to the Parliament of Canada.|w(CaOODSP)9.842750 |
| 776 | 0#|tRapports de la commissaire à l'environnement et au développement durable au Parlement du Canada.|w(CaOODSP)9.842751 |
| 780 | 00|tRapports de la commissaire à l'environnement et au développement durable |w(CaOODSP)9.810422 |